000 00784nam a2200277Ia 4500
001 Para_8866
003 CHAP
008 220125s2003 xx 000 0 und d
010 _a207629
040 _cCHAP
082 _aPA 633.84 P4
100 _aPernezny, Ken
_9174158
245 _aCompendium of pepper diseases /
_c by Ken Pernezny et. al.
260 _aSt. Paul, Minn. :
_b APS Press
300 _a63 p.
650 _aChile pimiento
_x enfermedades
_922476
650 _aChile pimiento
_x enfermedades por virus
_922477
710 _aAmerican Phytopathological Society
_95265
901 _aPA 633.84 P4
902 _aA
905 _a0000002003 ad 0000000000 00
910 _a2003
942 _cPARA
942 _cPARA
_d1
999 _c207629
_d207629